000 00613cam a22002293a 4500
001 30947
003 PGUSA
005 20140828083653.0
008 100112s2010||||xxu|||||s|||||000 1 eng d
040 _aPGUSA
_beng
042 _adc
050 4 _aPQ
100 1 _aMiranda, A. Augusto de
245 1 0 _aScenas da Aldeia
_h[electronic resource] /
_cA. Augusto de Miranda
260 _bProject Gutenberg,
_c2010
506 _aPublic domain in the USA.
516 _aElectronic text
653 _aFiction
830 0 _aProject Gutenberg
_v30947
856 4 0 _uhttp://www.gutenberg.org/ebooks/30947
942 _cEB
999 _c260202
_d260202